Normal view
MARC view
- Henslim, J. M
Entry Personal Name
001 - CONTROL NUMBER
- control field: 35555
003 - CONTROL NUMBER IDENTIFIER
- control field: OSt
005 - DATE AND TIME OF LATEST TRANSACTION
- control field: 20220806095129.0
008 - FIXED-LENGTH DATA ELEMENTS
- fixed length control field: 220806|| aca||aabn | a|a d
040 ## - CATALOGING SOURCE
- Original cataloging agency: OSt
- Transcribing agency: OSt
100 ## - HEADING--PERSONAL NAME
- Personal name: Henslim, J. M
670 ## - SOURCE DATA FOUND
- Source citation: Work cat.: (OSt)21798: Henslim, J. M., Down To Earth Sociology, 1995